| 000 | 00502nam a2200169 a 4500 | ||
|---|---|---|---|
| 001 | 5623 | ||
| 003 | CDMR | ||
| 005 | 20131008114859.0 | ||
| 008 | 130130s1988||||||||||||||||||||||||||||d | ||
| 020 | _a843931020X | ||
| 040 |
_aCDMR _bcat _cCDMR |
||
| 245 | 4 | _aThe press in Catalonia in the eighties | |
| 260 |
_aBarcelona _c1988 _bDepartament de Cultura. Generalitat de Catalunya |
||
| 650 | 0 | 4 |
_9195 _aPremsa _zCatalunya |
| 710 |
_91064 _aCatalunya _b -- Generalitat _bDepartament de Cultura |
||
| 942 |
_cMON _2udc |
||
| 999 |
_c5623 _d5623 |
||